000 00760nam a2200253Ia 4500
003 OSt
005 20220925213356.0
006 a|||||r|||| 00| 0
007 ta
008 220923b |||||||| |||| 00| 0 eng d
037 _cGeneral Book
040 _aRTL
_cRTL
_beng
041 _2eng
_aeng
082 _aX:80gF.3.N8, M8
100 _aClark Jon and others
_9278438
245 0 _aProcess of technological change
_b New technology
260 _aLondon
_bCambridge University Press
_c1988
300 _axiii,250p
_ccm.
490 _aCambridge Studies in Management
500 _aBibliography P 239-44
650 _aManagement
_930681
942 _hX:80gF.3.N8, M8
_cGB
_2CC
999 _c562699
_d562699